000 00721nam a22002292 4500
001 0000020449
005 20151217152215.0
008 110919s xx 000 0 eng d
020 _a1405186193 :
040 _aKABU
_cKABU
100 1 _aCargill, Margaret.
_@0000180708
245 1 0 _aWriting scientific research articles :
_bstrategy and steps /
_cMargaret Cargill and Patrick O'Connor.
250 _a1st ed.
260 _aHoboken, NJ. :
_bBlackwell,
_c2009.
300 _ax, 173 p.
650 0 _aTechnical writing.
_@0000155988
650 0 _aResearch.
_@0000153646
700 1 _aO'Connor, Patrick.
_@0000015345
852 1 _9p2635 KES
908 _a110919
950 _@1
999 _c9340
_d9340